Dictamen emitido por Francisco Pi y Margall... [et al.]... a consulta de la Sociedad General y de las Compañías Madrileña y Peninsular de Teléfonos... (Record no. 48753)

MARC details
000 -LEADER
campo de control de longitud fija 00692nam a22001815i 4500
001 - NÚMERO DE CONTROL
campo de control 48753
003 - IDENTIFICADOR DE NÚMERO DE CONTROL
campo de control ES-MaACL
005 - FECHA Y HORA DE LA ÚLTIMA TRANSACCIÓN
campo de control 20240326164515.0
007 - CAMPO FIJO DE DESCRIPCIÓN FÍSICA--INFORMACIÓN GENERAL
campo de control de longitud fija t|
008 - DATOS DE LONGITUD FIJA--INFORMACIÓN GENERAL
campo de control de longitud fija 950728s1896 sp ||||1| spa d
040 ## - FUENTE DE CATALOGACIÓN
Centro catalogador/agencia de origen CAM
Lengua de catalogación spa
Centro/agencia transcriptor CAM
245 00 - MENCIÓN DEL TÍTULO
Título Dictamen emitido por Francisco Pi y Margall... [et al.]... a consulta de la Sociedad General y de las Compañías Madrileña y Peninsular de Teléfonos...
Resto del título : Madrid 28 de octubre de 1896.
260 ## - PUBLICACIÓN, DISTRIBUCIÓN, ETC.
Lugar de publicación, distribución, etc. [S.l. :
Nombre del editor, distribuidor, etc. s.n.,
Fecha de publicación, distribución, etc. s.a.] (
Lugar de fabricación/manufactura Barcelona :
Fabricante La hormiga de oro,
Fecha de fabricación/manufactura 1896)
300 ## - DESCRIPCIÓN FÍSICA
Extensión 29 p. ;
Dimensiones 26 cm.
700 1# - ENTRADA AGREGADA--NOMBRE PERSONAL
Nombre de persona Pi y Margall, Francisco,
Fechas asociadas al nombre 1824-1901
9 (RLIN) 91732
852 ## - LOCALIZACIÓN
Ubicación ES-MaACL
Número de control de estantería L-4914(22-1)
Nota libre .- Donativo Roda
Holdings
Estatus retirado Estado de pérdida Estado de daño No para préstamo Biblioteca de origen Biblioteca actual Ubicación en estantería Fecha de adquisición Fuente de adquisición Total de préstamos Signatura topográfica completa Código de barras Visto por última vez Precio de reemplazo Tipo de ítem Koha
        Biblioteca del Ateneo de Madrid Biblioteca del Ateneo de Madrid Depósito 2 17/01/2008     L-4914(22-1) 1051306 23/02/2023 23/02/2023 Libro impreso